Famous 'Go' People by Picture Quiz Stats

 Plays Quiz Updated Aug 29, 2016

Challenge
Share
Tweet
Score 0/20 Timer 05:00
9 Plays Today
% Correct
Whoopi Goldberg
95.2%
Selena Gomez
87.8%
Ryan Gosling
85.7%
John Goodman
77%
Cuba Gooding Jr.
74.7%
Al Gore
72.6%
Jeff Goldblum
67.9%
Mikhail Gorbachev
64.3%
Joseph Gordon-Levitt
60.1%
Jane Goodall
49.1%
% Correct
Ginnifer Goodwin
32.7%
Ellie Goulding
25.3%
William Golding
15.5%
Matthew Goode
13.9%
Kate Gosselin
13.1%
Alejandro González Iñárritu
12.5%
Nuno Gomes
11.9%
Joseph Goebbels
10.8%
Walton Goggins
10.5%
Johann Wolfgang Goethe
9.8%

You're not logged in!

Compare scores with friends on all Sporcle quizzes.
Join for Free
OR
Log In

You Might Also Like...

Show Comments

Extras

Top Quizzes Today


Score Distribution

Your Account Isn't Verified!

In order to create a playlist on Sporcle, you need to verify the email address you used during registration. Go to your Sporcle Settings to finish the process.

Report this User

Report this user for behavior that violates our Community Guidelines.

Details: